• 首页
  • 本馆介绍
  • 公告通知
  • 最新文献
  • 馆藏检索
  • 电子资源
  • 读者导购
  • 参考咨询
  • 我的图书馆
  • 登录
  • 详细信息显示
  • 放入我的书架
  • 预约/预借图书
  • 作者相关作品
  • 分类相关作品
  • 丛书相关作品
  • 出版社相关作品

书目信息

  • 表格格式
  • 工作单格式
  • 卡片格式
题名:
外国档案事业史
    
 
作者: 黄霄羽 主编
分册:  
出版信息: 北京   中国人民大学出版社  2011.4
页数: 332页
开本: 24cm
丛书名: 21世纪档案学系列教材
单 册:
中图分类: G279.1-091
科图分类:
主题词: 档案工作--文化史--外国--高等学校--教材
电子资源:
ISBN: 978-7-300-13409-3
000 01301nam0 2200277 45
001 515
005 20120531162712.20
010    @a978-7-300-13409-3@dCNY38.00
100    @a20120328d2011 em y0chiy0110 ea
101 0  @achi
102    @aCN@b110000
105    @ay a 000yy
106    @ar
200 1  @a外国档案事业史@AWai Guo Dang An Shi Ye Shi@f黄霄羽主编@FHuang Xiao Yu Zhu Bian
205    @a2版
210    @a北京@c中国人民大学出版社@d2011.4
215    @a332页@d24cm
225 2  @a21世纪档案学系列教材
320    @a有书目 (第328-332页)
330    @a本书内容包括 第一,在“萌生篇”和“发展篇”主要补充了档案收集的发展内容。第二,在“变革篇”主要补充了档案收集和档案编目的发展内容。第三,“成熟与完善篇”是第二版修订的重点之一,主要补充了档案收集的发展特点; 更新了档案鉴定实践和档案利用服务的发展特点; 调整了档案教育和档案法规的现实特点; 补充了文件管理机构的新发展一——商业性文件中心; 修改了国际档案理事会的发展内容。第四,“现实特色篇”是第二版修订的重点之二,主要更新了英国、法国、俄罗斯、德国、美国、加拿大、日本和澳大利亚档案现代化建设的内容。
461  0 @12001 @a21世纪档案学系列教材
606 0  @a档案工作@x文化史@y外国@x高等学校@j教材
690    @aG279.1-091@v4
701  0 @a黄霄羽@AHuang Xiao Yu@4主编
801  0 @aCN@bTSTCL@c20120328
905    @b0814729-31@dG279.1-091@e70=2@f3
    
    外国档案事业史/黄霄羽主编.-2版.-北京:中国人民大学出版社,2011.4
    332页;24cm.-(21世纪档案学系列教材)
    
    
    ISBN 978-7-300-13409-3:CNY38.00
    本书内容包括 第一,在“萌生篇”和“发展篇”主要补充了档案收集的发展内容。第二,在“变革篇”主要补充了档案收集和档案编目的发展内容。第三,“成熟与完善篇”是第二版修订的重点之一,主要补充了档案收集的发展特点; 更新了档案鉴定实践和档案利用服务的发展特点; 调整了档案教育和档案法规的现实特点; 补充了文件管理机构的新发展一——商业性文件中心; 修改了国际档案理事会的发展内容。第四,“现实特色篇”是第二版修订的重点之二,主要更新了英国、法国、俄罗斯、德国、美国、加拿大、日本和澳大利亚档案现代化建设的内容。
●
相关链接 在E读中查询图书 在五车中查询图书 在当当中查询图书 在豆瓣中查询图书


正题名:外国档案事业史     索取号:G279.1-091/70=2         预约/预借

序号 登录号 条形码 馆藏地/架位号 状态 备注
1 0814729   208147290   第一样本阅览室/ [索取号:G279.1-091/70=2] 在馆    
2 0814730   208147307   第四借阅区/ [索取号:G279.1-091/70=2] 在馆    
3 0814731   208147316   第四借阅区/ [索取号:G279.1-091/70=2] 在馆    
唐山师范学院图书馆 欢迎您!
大连网信软件有限公司© 版权所有